| 000 | 01827nam0a2200349 4500 | ||
|---|---|---|---|
| 001 | RU\NLR\bibl\1732260 | ||
| 005 | 20241119193744.0 | ||
| 020 |
_aRU _b00-16776 _9Летопись авторефератов диссертаций |
||
| 021 |
_aRU _b2010-17630а _9706аа |
||
| 035 | _a(NLR Aleph) 001723207 | ||
| 090 |
_a1352875 _c1352875 |
||
| 100 | _a20101012d2010 u u0rusy50 ca | ||
| 101 | 0 | _arus | |
| 102 | _aRU | ||
| 105 | _ay dm ||||| | ||
| 200 | 1 |
_aОптимизация доступности первичной медико-социальной помощи городскому населению _e(на примере города Канска) _eавтореферат диссертации на соискание ученой степени кандидата медицинских наук _eспециальность 14.02.03 <Общественное здоровье и здравоохранение> _fГаличев Григорий Александрович _g[Краснояр. гос. мед. ун-т им. В. Ф. Войно-Ясенецкого] |
|
| 210 |
_aКрасноярск _d2010 |
||
| 215 |
_a25 с. _cил. _d21 |
||
| 320 | _aБиблиогр.: с. 24-25 (12 назв.) | ||
| 610 | 0 | _aКанск, г., Краснояр. край, мед. науки | |
| 675 |
_a614 _v3 _zrus |
||
| 686 |
_a76.75 _2rugasnti |
||
| 686 |
_a51.1+38.96 _2rubbk |
||
| 686 |
_a14.00.00 _2oksvnk |
||
| 700 | 1 |
_aГаличев _bГ. А. _gГригорий Александрович _4070 |
|
| 801 | 0 |
_aRU _bRKP _c20101012 _gPSBO |
|
| 801 | 1 |
_aRU _bRKP _c20101012 |
|
| 801 | 2 |
_aRU _bNLR _c20110207 _grcr |
|
| 901 | _eАвторефераты | ||
| 942 | _cBOOK | ||
| 981 | 1 | 0 | _a(10) Авторефераты |